| 000 | 00699nam a2200229Ia 4500 | ||
|---|---|---|---|
| 001 | 9800 | ||
| 003 | GE_BSU | ||
| 008 | 181216s||||||||xx |||||||||||||| ||und|| | ||
| 040 | _cGE_BSU | ||
| 080 | _a821.353.1–1 | ||
| 100 | _aნიშნიანიძე,შოთა | ||
| 245 | _aხილვები | ||
| 245 | _bლექსები | ||
| 245 | _cრედ.მ.ქოიავა.;მხატვ.ლ.გრიგოლია | ||
| 260 | _aთბილისი | ||
| 260 | _bლიტერატურა და ხელოვნება | ||
| 260 | _c1966 | ||
| 300 | _a91გვ.19სმ. | ||
| 653 | _aლექსები | ||
| 653 | _aხილვები | ||
| 942 | _cBK | ||
| 999 |
_c43080 _d43080 |
||